000
00239nam a22001097a 4500
999
_c
12427
_d
12427
020
_a
9788122436105
082
_a
004.22
100
_a
B. Ram
245
_a
Computer Fundamentals Architecture and Organization
250
_a
5th
942
_c
BK